00929 2200313 4500001002100000005001500021035002000036007000300056040001700059100003200076245010300108250001000211300003100221041000800252082001600260084002700276090002200303264003300325336002100358337003000379338002300409650002000432700003700452850001000489008004100499990002500540990002500565990002500590INLIS00000000001431220260624092440 a0010-0626000110ta aSBPUPADbind1 aMarisova GuzelyaePengarang1 aStory The Stolen Homes :bPerjalanan Ke Negeri Palestina /cMarisova Guzelya:Ilustrator:Agia Putri aCet.1 a22 hlm :billus ;c21,5 cm bind a808.308 162 a[23] 808.308 162 MAR s a808.308 162 MAR s aJakarta :bNaura Kids,c2024 2rdacontentateks 2rdamediaatanpa perantara 2rdacarrieravolume 4aCerita Historis aIlustrator:Agia PutriePengarang aPUPAD260624 1  a40.591/APBD/DPK/2025 a40.590/APBD/DPK/2025 a40.589/APBD/DPK/2025